LEADER 01944nam a2200361 u 4500 001 000000105084 003 CaOOAMICUS 005 20070517155326.0 008 070517m19061907enk u000 u grc u 020 $a0-19-814504-7 (vol. 1) 020 $a0-19-814505-5 (vol. 2) 040 $aPUL$bita$dLDB 100 0 $aAristophanes,$dc. 445-c. 385 a.C.$0(OLS)http://pul/name/1745 245 10$aAristophanis comoediae /$cediderunt F.W. Hall et W.M. Geldart. 260 $aOxonii :$be Typographeo Clarendoniano,$c1906-1907. 300 $av. <1-2> ;$c20 cm 490 1 $aScriptorum classicorum bibliotheca Oxoniensis 500 $aRistampa. 505 1 $aTomus 1. Acharnenses, Equites, Nubes, Vespas, Pacem, Aves continens. -- v. 2. Lysistratam, Thesmophoriazusas, Ranas, Ecclesiazusas, Plutum, Fragmenta, indicem nominum continens. 700 1 $aGeldart, W. M.$0(OLS)http://pul/name/30860 700 1 $aHall, F.W.$0(OLS)http://pul/name/64585 700 0 $aAristophanes,$dc. 445-c. 385 a.C.$tComoediae.$0(OLS)http://pul/nameTitle/264$0(OLS)http://pul/name/1745$0(OLS)http://pul/title/131843 830 0$aScriptorum classicorum bibliotheca Oxoniensis.$0(OLS)http://pul/title/310 850 $aPUL 852 $aPUL$W1$xSL Cons. Gen., Altre Classi 3$y75$m880 COLL 1.ARIT.1$j117706$qDDC 21$B117652$CPULBib$Z2$F117652 $H102517 $82 852 $aPUL$W1$xSL Cons. Gen., Altre Classi 3$y75$m880 COLL 1.ARIT.2$j117707$qDDC 21$B117653$CPULBib$Z2$F117653 $H102518 $82 900 $aAristofane,$dc. 445-c. 385 a.C.$91745 900 $aAristofane,$dc. 445-c. 385 a.C.$91745 941 1 $a9 996 $6020$a0-19-814504-7 (vol. 1)$9(OLS)http://pul/number/134375 996 $6020$a0-19-814505-5 (vol. 2)$9(OLS)http://pul/number/134376 996 $6245$aAristophanis comoediae$9(OLS)http://pul/title/40787 996 $6260$aOxonii :$be Typographeo Clarendoniano$9(OLS)http://pul/publisher/47994 LEADER 01309nam a2200253 u 4500 001 000000086157 003 CaOOAMICUS 005 20070226124251.0 008 050926s1945 it cf u000 u ita u 035 $a11060007 040 $aPUL(R)$bita 100 1 $aBernini, Ferruccio.$0(OLS)http://pul/name/56392 245 10$aCarducci, Pascoli e D'Annunzio :$bAntologia poetica per uso delle scuole medie /$ca cura e con note di Ferruccio Bernini e Lorenzo Bianchi. 260 $aBologna :$bZanichelli,$c1945. 300 $a447 p., [2] c. di tav. :$britr. ;$c22 cm 600 14$aCarducci, Giosuč,$d1835-1907$xCritica e interpretazione.$0(OLS)http://pul/subject/3522 600 14$aPascoli, Giovanni,$d1855-1912$xCritica e interpretazione.$0(OLS)http://pul/subject/23137 600 14$aD'Annunzio, Gabriele,$d1863-1938$xCritica e interpretazione.$0(OLS)http://pul/subject/28808 700 1 $aBianchi, Lorenzo.$0(OLS)http://pul/name/51744 850 $aPUL 852 $aPUL$W1$xDP1 Fondo Cecchetti$y53$m295 D 16$j109399$nBK-PRI$b $qFondi$B109399$CPULBib$Z2$F109399 $HPUL3972 $81 941 1 $a1 996 $6245$aCarducci, Pascoli e D'Annunzio :$bAntologia poetica per uso delle scuole medie$9(OLS)http://pul/title/111701 996 $6260$aBologna :$bZanichelli$9(OLS)http://pul/publisher/48255